<?xml version="1.0" encoding="UTF-8"?>
<record
    xmlns:xsi="http://www.w3.org/2001/XMLSchema-instance"
    xsi:schemaLocation="http://www.loc.gov/MARC21/slim http://www.loc.gov/standards/marcxml/schema/MARC21slim.xsd"
    xmlns="http://www.loc.gov/MARC21/slim">

  <leader>00826njm a22002417a 4500</leader>
  <controlfield tag="005">20220720144834.0</controlfield>
  <controlfield tag="008">190305b        xxu||||| |||| 00| 0 spa d</controlfield>
  <datafield tag="041" ind1=" " ind2=" ">
    <subfield code="a">spa</subfield>
  </datafield>
  <datafield tag="245" ind1=" " ind2=" ">
    <subfield code="a">Costa Rica reggae night</subfield>
  </datafield>
  <datafield tag="260" ind1=" " ind2=" ">
    <subfield code="a">Costa Rica</subfield>
  </datafield>
  <datafield tag="260" ind1=" " ind2=" ">
    <subfield code="b">Papaya Music</subfield>
  </datafield>
  <datafield tag="260" ind1=" " ind2=" ">
    <subfield code="b">Simbiosis de Centroam&#xE9;rica</subfield>
  </datafield>
  <datafield tag="260" ind1=" " ind2=" ">
    <subfield code="c">2006</subfield>
  </datafield>
  <datafield tag="300" ind1=" " ind2=" ">
    <subfield code="a">1 CD-ROM</subfield>
  </datafield>
  <datafield tag="300" ind1=" " ind2=" ">
    <subfield code="a">52:44 minutos</subfield>
  </datafield>
  <datafield tag="505" ind1=" " ind2=" ">
    <subfield code="a">1. Give me shelter.
2. Corrupt politicians.
3. Stay rihgt.
4. Don't cry.
5. Frente al mar.
6. Rastaman.
7. Modern times.
8. Psalms up revelation.
9. Why?
10. I love.
11. Baby broke.
12. Tu luz.
13. Don't worry my girl.</subfield>
  </datafield>
  <datafield tag="650" ind1=" " ind2=" ">
    <subfield code="a">COSTA RICA</subfield>
    <subfield code="9">64106</subfield>
  </datafield>
  <datafield tag="650" ind1=" " ind2=" ">
    <subfield code="a">M&#xDA;SICA POPULAR</subfield>
    <subfield code="9">7685</subfield>
  </datafield>
  <datafield tag="650" ind1=" " ind2=" ">
    <subfield code="a">M&#xDA;SICA REGGAE</subfield>
    <subfield code="9">52567</subfield>
  </datafield>
  <datafield tag="650" ind1=" " ind2=" ">
    <subfield code="a">REGGAE ROOTS</subfield>
    <subfield code="9">52568</subfield>
  </datafield>
  <datafield tag="650" ind1=" " ind2=" ">
    <subfield code="a">CALYPSO (M&#xDA;SICA)</subfield>
    <subfield code="9">52569</subfield>
  </datafield>
  <datafield tag="942" ind1=" " ind2=" ">
    <subfield code="c">MU</subfield>
  </datafield>
  <datafield tag="999" ind1=" " ind2=" ">
    <subfield code="c">11705</subfield>
    <subfield code="d">11705</subfield>
  </datafield>
  <datafield tag="952" ind1=" " ind2=" ">
    <subfield code="0">0</subfield>
    <subfield code="1">0</subfield>
    <subfield code="4">0</subfield>
    <subfield code="7">0</subfield>
    <subfield code="a">BACB</subfield>
    <subfield code="b">BACB</subfield>
    <subfield code="d">2019-03-05</subfield>
    <subfield code="l">0</subfield>
    <subfield code="o">95 DC</subfield>
    <subfield code="p">95DC</subfield>
    <subfield code="r">2019-03-05 00:00:00</subfield>
    <subfield code="w">2019-03-05</subfield>
    <subfield code="y">MU</subfield>
  </datafield>
</record>
